Y-7 TAŞKÖPRÜLÜ ZADE (Record no. 588884)

MARC details
000 -LEADER
sabit uzunluktaki kontrol alanı 00272nam a2200109Ia 4500
001 - KONTROL NUMARASI
kontrol alanı 588884
005 - EN SON İŞLEMİN TARİH VE ZAMANI
kontrol alanı 20250717120839.0
008 - SABİT-UZUNLUKTA VERİ ÖĞELERİ--GENEL BİLGİ
sabit uzunluktaki kontrol alanı 250717s9999 xx 000 0 und d
245 #0 - ESER / YAZAR
ESER ADI Y-7 TAŞKÖPRÜLÜ ZADE
Yazar Adı FATİH İBİŞ
260 ## - YAYIN, DAĞITIM, VB.
YAYIN EVİ ERDEM YAYINLARI
Yayın, dağıtım tarihi, vb. 2018
300 ## - FİZİKSEL AÇIKLAMA
Diğer fiziksel ayrıntılar 125

No items available.